| 000 | 01519nam0a2200325 4500 | ||
|---|---|---|---|
| 001 | RU\NLR\BIBL_A\012633715 | ||
| 005 | 20250624094901.0 | ||
| 010 |
_a978-5-6045635-3-3 _91000 |
||
| 021 |
_aRU _b2021-38736 _9КН-П-3025 |
||
| 035 | _a(NLR Aleph) 012633715 | ||
| 090 |
_a12674749 _c12674749 |
||
| 100 | _a20211028d2021 |||y0rusy50 ca | ||
| 101 | 1 |
_aeng _crus |
|
| 102 | _aRU | ||
| 105 | _aa z 010zy | ||
| 181 | 0 |
_ai _baxxe |
|
| 182 | 0 | _an | |
| 200 | 1 |
_aA path to the hidden Rus _eon the 165th anniversary of establishing the Edinoverie in Simbirsk region _fVladimir Basenkov _gtranslated by Andrei Schegoliaev, Jesse Dominik _gRussian orthodox church, Moscow Patriarchate, Diocese of Simbirsk, Simbirsk orthodox old believers' parish of the Dormition of the Theotokos, Simbirsk diocesan center of the Old Russian liturgical tradition |
|
| 203 |
_aТекст _bвизуальный _cнепосредственный |
||
| 210 |
_aUlyanovsk _cMaster-studia _d2021 |
||
| 215 |
_a106 с. _cил. _d24 |
||
| 541 | 1 |
_aПо следам сокрытой Руси _eк 165-летию учреждения единоверия на Симбирской земле |
|
| 601 | 0 | 2 |
_aЕдиноверческая церковь _xИстория _92123662 _3RU\NLR\AUTH\661585822 |
| 686 | 2 | _aЭ372.242.14-3 | |
| 700 | 1 |
_aBasenkov _bV.V. _f1989- _gVladimir Vjačeslavovič |
|
| 942 | _cBOOK | ||
| 980 | _aNB | ||